Sports Quiz

Random Sports or MLB Quiz

Best MLB Players by Birthday: Part 1 Quiz Stats

 Plays Quiz not verified by Sporcle

Challenge
Share
Tweet
Embed
Score 0/182 Timer 20:00
0 Plays Today
Month Player (Year Born) % Correct
FebruaryBabe Ruth (1895)
80.8%
MarchMike Smith (1868)
70.7%
MayReggie Jackson (1946)
70.7%
JuneLarry Jackson (1931)
70.7%
MayWillie Mays (1931)
69.7%
FebruaryHank Aaron (1934)
68.7%
AprilChipper Jones (1972)
68.7%
JuneLou Gehrig (1903)
66.7%
MarchBobby Bonds (1946)
62.6%
JuneDerek Jeter (1974)
58.6%
JanuaryEdgar Martinez (1963)
56.6%
MarchRamon Martinez (1968)
56.6%
MarchCy Young (1867)
55.6%
JanuaryAlbert Pujols (1980)
54.5%
MayManny Ramirez (1972)
52.5%
FebruaryHonus Wagner (1874)
50.5%
MarchMel Ott (1909)
48.5%
JanuaryNolan Ryan (1947)
46.5%
FebruaryJimmy Ryan (1863)
46.5%
FebruaryConnie Ryan (1920)
46.5%
AprilWillie Davis (1940)
45.5%
MayEric Davis (1962)
45.5%
MarchKevin Brown (1965)
44.4%
JuneWade Boggs (1958)
41.4%
JuneHarmon Killebrew (1936)
41.4%
JanuaryWillie McCovey (1938)
40.4%
AprilGreg Maddux (1966)
40.4%
MayKirk Gibson (1957)
40.4%
JanuaryJason Schmidt (1973)
39.4%
MarchTom Glavine (1966)
38.4%
MayTony Gwynn (1960)
38.4%
AprilTris Speaker (1888)
37.4%
MayGeorge Brett (1953)
37.4%
AprilGary Carter (1954)
36.4%
AprilRogers Hornsby (1896)
36.4%
FebruarySam Rice (1890)
35.4%
MayJeff Bagwell (1968)
35.4%
AprilDoc White (1879)
34.3%
AprilCap Anson (1852)
34.3%
MayEddie Collins (1887)
33.3%
JuneBill Dickey (1907)
33.3%
JanuaryHenry Larkin (1860)
32.3%
AprilWarren Spahn (1921)
32.3%
AprilBarry Larkin (1964)
32.3%
MarchDwayne Murphy (1955)
31.3%
AprilPaul Waner (1903)
31.3%
FebruaryVladimir Guerrero (1975)
30.3%
FebruaryAlan Trammell (1958)
30.3%
AprilPhil Niekro (1939)
30.3%
AprilSam Crawford (1880)
29.3%
JuneThurman Munson (1947)
29.3%
FebruaryPete Alexander (1887)
28.3%
MayCurt Simmons (1929)
28.3%
MayAl Simmons (1902)
28.3%
MayDarrell Evans (1947)
28.3%
JuneLou Brock (1939)
28.3%
JuneCarlos Delgado (1972)
28.3%
MarchLefty Grove (1900)
27.3%
JuneDave Parker (1951)
27.3%
FebruaryBilly Hamilton (1866)
26.3%
JanuaryJohnny Mize (1913)
25.3%
Month Player (Year Born) % Correct
FebruaryRon Santo (1940)
25.3%
MarchHome Run Baker (1886)
25.3%
MayLou Whitaker (1957)
25.3%
FebruaryLance Berkman (1976)
24.2%
FebruaryChet Lemon (1955)
24.2%
AprilLuis Aparicio (1934)
24.2%
AprilBert Blyleven (1951)
23.2%
MayKenny Lofton (1967)
23.2%
JuneCarl Hubbell (1903)
23.2%
JuneJim Edmonds (1970)
23.2%
JuneTony Fernandez (1962)
23.2%
JanuaryEarly Wynn (1920)
22.2%
MarchJeff Kent (1968)
22.2%
MarchJim Wynn (1942)
22.2%
MarchGeorge Sisler (1893)
22.2%
MayCharlie Gehringer (1903)
22.2%
JanuaryJason Giambi (1971)
21.2%
JanuaryMagglio Ordonez (1974)
21.2%
FebruaryFred Lynn (1952)
21.2%
MarchSam Thompson (1860)
21.2%
MayRobby Thompson (1962)
21.2%
JanuaryKevin Mitchell (1962)
19.2%
FebruaryClarence Mitchell (1891)
19.2%
MarchDick Allen (1942)
19.2%
FebruaryJoe Gordon (1915)
18.2%
MarchArky Vaughan (1912)
18.2%
MarchBobby Abreu (1974)
18.2%
AprilLuke Appling (1907)
18.2%
FebruaryBen Sanders (1865)
17.2%
AprilBret Saberhagen (1964)
17.2%
AprilVic Willis (1876)
17.2%
AprilHerman Long (1866)
17.2%
FebruaryBobby Bonilla (1963)
16.2%
MarchRichie Ashburn (1927)
16.2%
MayZack Wheat (1888)
15.2%
JuneMark Grace (1964)
15.2%
JanuaryTim Keefe (1857)
14.1%
FebruaryAl Rosen (1924)
14.1%
MayRed Ruffing (1905)
14.1%
MayKen Boyer (1931)
14.1%
MayEarl Averill (1902)
14.1%
JanuaryCurt Flood (1938)
13.1%
JanuaryBrian Giles (1971)
13.1%
FebruarySal Bando (1944)
13.1%
MayDan Brouthers (1858)
13.1%
AprilJimmy Key (1961)
12.1%
AprilTony Phillips (1959)
12.1%
MayEd Walsh (1881)
12.1%
JuneKen Singleton (1947)
12.1%
JanuaryDanny Richardson (1863)
11.1%
AprilJohn McGraw (1873)
11.1%
AprilHardy Richardson (1855)
11.1%
JanuaryDarren Daulton (1962)
10.1%
JanuaryBobby Grich (1949)
10.1%
MarchMonte Ward (1860)
10.1%
MarchDazzy Vance (1891)
10.1%
MayRick Reuschel (1949)
10.1%
JuneTravis Hafner (1977)
10.1%
JuneDarin Erstad (1974)
10.1%
JuneRyan Klesko (1971)
10.1%
FebruaryWes Ferrell (1908)
9.1%
Month Player (Year Born) % Correct
FebruaryCarney Lansford (1957)
9.1%
AprilRoss Youngs (1897)
9.1%
MayBartolo Colon (1973)
9.1%
JanuaryGeorge Selkirk (1908)/Ted Lilly (1976)
8.1%
JanuaryBill Dahlen (1870)
8.1%
JanuaryElmer Flick (1876)
8.1%
JanuaryDarrell Porter (1952)
8.1%
FebruaryWillard Marshall (1921)
8.1%
AprilAmos Otis (1947)
8.1%
MayChief Bender (1884)
8.1%
JuneRay Lankford (1967)
8.1%
JunePete Browning (1861)
8.1%
JanuaryTony Mullane (1859)
7.1%
FebruaryPaul Blair (1944)
7.1%
FebruaryDan Plesac (1962)
7.1%
FebruaryWally Pipp (1893)
7.1%
MarchCharlie Root (1899)
7.1%
MarchJoe McGinnity (1871)
7.1%
JuneMark Belanger (1944)
7.1%
JuneRoger Bresnahan (1879)
7.1%
JuneCharlie Buffinton (1861)
7.1%
JuneWally Joyner (1962)
7.1%
JanuaryStan Javier (1964)
6.1%
JanuaryJon Matlack (1950)
6.1%
JanuaryMike Tiernan (1867)
6.1%
JanuaryFrank Sullivan (1930)
6.1%
JanuaryScott Kazmir (1984)
6.1%
FebruaryTerry Turner (1881)
6.1%
MarchBuddy Myer (1904)
6.1%
MarchMiller Huggins (1878)
6.1%
MarchGeorge Van Haltren (1866)
6.1%
AprilBucky Walters (1909)
6.1%
AprilDave Bancroft (1891)
6.1%
MayJoe Judge (1894)
6.1%
JanuarySonny Siebert (1937)
5.1%
JanuaryAmos Strunk (1889)
5.1%
JanuaryBob Nieman (1927)
5.1%
JanuaryBibb Falk (1899)
5.1%
FebruaryPretzels Getzien (1864)
5.1%
MarchPaul Hines (1855)
5.1%
MarchJack Stivetts (1868)
5.1%
MayTom Zachary (1896)
5.1%
MayLarry Gardner (1886)
5.1%
JuneEddie Lopat (1918)
5.1%
JuneBilly Nash (1865)
5.1%
FebruaryJohn Morrill (1855)
4%
MarchJohn Briggs (1944)
4%
MarchManny Sanguillen (1944)
4%
MarchKevin Seitzer (1962)
4%
MarchLon Warneke (1909)
4%
AprilGuy Hecker (1856)
4%
AprilBill Dinneen (1876)
4%
AprilPhil Garner (1949)
4%
MayFrank Foreman (1863)
4%
MayCharlie Hickman (1876)
4%
MayHal Carlson (1892)
4%
JuneTed Breitenstein (1869)
4%
JuneMel Parnell (1922)
4%
JuneBilly Werber (1908)
4%
JuneTom Haller (1937)
4%

You're not logged in!

Compare scores with friends on all Sporcle quizzes.
Join for Free
OR
Log In

You Might Also Like...

Show Comments

Extras

Top Quizzes Today


Score Distribution

Your Account Isn't Verified!

In order to create a playlist on Sporcle, you need to verify the email address you used during registration. Go to your Sporcle Settings to finish the process.

Report this User

Report this user for behavior that violates our Community Guidelines.

Details: